Fundamentals of Islamic philosophy/ (Record no. 139339)

000 -LEADER
fixed length control field 00385nam a22001457a 4500
020 ## - INTERNATIONAL STANDARD BOOK NUMBER
International Standard Book Number 9788178844404
082 ## - DEWEY DECIMAL CLASSIFICATION NUMBER
Classification number 181.07
Item number SHA/F
100 ## - MAIN ENTRY--PERSONAL NAME
Personal name Sharif Ahmed
9 (RLIN) 60348
245 ## - TITLE STATEMENT
Title Fundamentals of Islamic philosophy/
Statement of responsibility, etc. by Sharif Ahmed
260 ## - PUBLICATION, DISTRIBUTION, ETC.
Place of publication, distribution, etc. Newdelhi:
Name of publisher, distributor, etc. Cyber tech,
Date of publication, distribution, etc. 2009.
300 ## - PHYSICAL DESCRIPTION
Extent 344p.
650 ## - SUBJECT ADDED ENTRY--TOPICAL TERM
Topical term or geographic name entry element Islamic Philosophy
9 (RLIN) 60349
650 ## - SUBJECT ADDED ENTRY--TOPICAL TERM
Topical term or geographic name entry element Philosophy
9 (RLIN) 60350
942 ## - ADDED ENTRY ELEMENTS (KOHA)
Koha item type Book
Holdings
Withdrawn status Lost status Damaged status Not for loan Permanent Location Current Location Shelving location Date acquired Cost, normal purchase price Total Checkouts Full call number Barcode Date last seen Price effective from Koha item type
        Sree Sankaracharya University of Sanskrit Sree Sankaracharya University of Sanskrit Stacks 29.09.2018 900.00   181.07 SHA/F 091960 29.09.2018 29.09.2018 Book